000 02458nam a2200277 a 4500
001 000048851
003 DO-SdBNP
005 20250207142031.0
007 ta
008 190422s2015 dr a 000 0 spa d
020 _a9789945900446
040 _aDO-SdBNP
_bspa
_cBNPHU
082 4 _a379.7293
_bR426m
_222
110 1 _aRepública Dominicana.
_bMinisterio de Educación Superior, Ciencia y Tecnogía,
_943100
245 1 0 _aMetas Educativas :
_bRepública Dominicana hacia el 2021 : primer informe nacional de seguimiento /.
_cautores, Luz Inmaculada Madera Soriano ; Rita Montes de Oca ;
246 _aMetas educativas 2021: República Dominicana hacia el 2021; primer informe nacional de seguimiento
260 _aSanto Domingo :
_bMinisterio de Educación Superior Ciencia y Tecnología ;
_bOrganización de los Estados Ibero-Americanos
_bOrganización de Estados Iberoamericanos para la Educación, la Ciencia y la Cultura
_c2015.
300 _a269 p. :
_bil., gráfs., mapas ;
_c29 cm.
504 _aBibliografía : p. 261
505 0 _aPresentación --
_tIntroducción --
_tRepública Dominicana hacia el 2021 : significado y alcance del informe de seguimiento--
_tLas Metas Educativas 2021 en tiempo y espacio: Antecedentes regionales y nacionales --
_tRepública Dominicana hacia el 2021: Naturaleza y estructura del informe de seguimiento 2011-2013 --
_tEL contexto de las metas educativas 2021 en la República Dominicana --
_tLa República Dominicana: demografía y desarrollo 2010-2013 --
_tEl Sistema Educativo Dominicano: dónde estamos situados --
_tHacia una educación dominicana de calidad: Un clima nacional a favor de las Metas Educativas 2021--
_tRepública Dominicana hacia el 20121: Avances en el el cumplimiento de las metas educativas 2021
_tLas eetas educativas, Indicadores y niveles de logro: Avances en el Sistema Educativo Dominicano al 2013 --
_tUna mirada general acerca de los avances al 2013: Síntesis y reflexiones --
_tMeta General Primera: Reforzar y ampliar la participación de la sociedad en acción educadora --
_tMeta General Segunda: Lograr la igualdad educativa y superar toda forma de discriminación en la educación.
_tBibliografía.
590 _aInvetnariado, 2019/VM
650 4 _aPolítica educativa
_zRepública Dominicana
_9737
_y2021
650 4 _aEducación
_zRepública Dominicana
_9737
710 2 _aMinisterio de Educación Superior Ciencia y Tecnología(República Dominicana)
_976298
942 _2ddc
_cLBS1
999 _c48339
_d48339